| 000 | 00666nam a22001817a 4500 | ||
|---|---|---|---|
| 005 | 20260116125015.0 | ||
| 008 | 240625b mx |||||||| |||| 00| 0 spa d | ||
| 020 | _a9707031875 | ||
| 050 | 0 | 4 |
_aTD789.M67 _bP33 2003 |
| 100 | 1 | _aPadilla Massieu, Carlos | |
| 245 | 1 | 0 |
_aBasura _b : problemas y soluciones _c / Carlos Padilla Massieu. |
| 250 | _a7a ed. | ||
| 260 |
_aMorelia, Michoacán (México) : _bGobierno del Estado de Michoacán de Ocampo. Secretaría de Urbanismo y Medio Ambiente, _cc2003 |
||
| 300 |
_a54 p. ; _c21 cm. |
||
| 490 | 0 |
_aDocumentos ; _v3 |
|
| 650 | 7 |
_2lemb _aBasuras y aprovechamiento de basuras _xAspectos ambientales |
|
| 942 |
_2lcc _cLIB |
||
| 999 |
_c135189 _d135189 |
||